Регионална библиотека "Любен Каравелов" - Русе

Строителна площадка (Запис номер 488646)

MARC детайли
000 -Лидер
Контролно поле с фиксирана дължина 00982nam a2200277 a 4500
003 - Код на организацията, давaща контролен номер
Контролно поле BLK
005 - Дата и час на последна редакция
Контролно поле 20250724130520.0
008 - Елементи от данни с фиксирана дължина
fixed length control field 210526b bu |||||r|||| 00| | bu d
020 ## - Международен стандартен номер на книга ISBN
Международен стандартен номер на книга ISBN 9786191992621
020 ## - Международен стандартен номер на книга ISBN
Международен стандартен номер на книга ISBN 3800083822059
040 ## - Източник на каталожния запис
Идентификатор на билиотеката - собственик на записа BLK
041 ## - Код за език
Код за езика на текст/звукозапис или на отделно заглавие Български
Код за езика КДБФ Български
080 ## - УДК
Текстов определител УДК Строителна техника
УДК код - определител по УДК 624/628
УДК определител (02.052.2)
УДК - код + определител 624/628(02.052.2)
139 ## - Редно поле
Редна дума Строителна площадка
Авторски знак Стро - С 87
245 ## - Сведения за заглавието
Заглавие Строителна площадка
Подзаглавни данни С повече от 40 капачета
Редно поле (дума) прев. Живко Николчев.
260 ## - Област на издателските данни
9 (RLIN) 209475
Място на издаване, разпространение и проч. София
Име на издателя, разпространителя и проч. Фют
Година на издаване 2018
Издателство - префикс ISBN 978-619-199- ; 978-954-625-
300 ## - Физическа характеристика
Страници 14 с.
Илюстрации и др. с цв. ил.
Размери/Мащаб 23 см
380 ## - Жанр
Жанр Детска отраслова лит.
490 ## - СЕРИИ (Колекции)
9 (RLIN) 390050
Име на серия Откриватели
700 ## - Други автори (авторска отговорност)
9 (RLIN) 966
Лично име Николчев, Живко Любомиров
Автороска отговорност (Описва отношението между автора и произведението) прев.
856 ## - Електронен адрес и достъп
Инструкция (цена за достъп) 0.00
Права за достъп disable
942 ## - АРТИКУЛИ
Вид на библиотечния материал Книги
Скрит в OPAC Не
Периодичен библиозапис Да
Koha issues (borrowed), all copies 61
944 ## - СЪЗДАВАНЕ И РЕДАКЦИЯ на ЗАПИСА
Служител, извършил регистрацията/редакцията 30552
Статус, дата на статуса Виолета Тройчева
999 ## - СИСТЕМНИ КОНТРОЛНИ НОМЕРА
Koha biblionumber 488646
Koha biblioitemnumber 488646
999 ## - СИСТЕМНИ КОНТРОЛНИ НОМЕРА
Koha biblioitemnumber 488646
999 ## - СИСТЕМНИ КОНТРОЛНИ НОМЕРА
Koha biblioitemnumber 488646
Наличности
Код за отписване Код за изгубен артикул Източник на класификационната схема Код за повреда Коз за рестрикции Код за отдаване Артикулен № Име на библиотеката - собственик Име на библиотеката, в която се намира в момента Статус (Текущо местоположение) Дата на вписване в системата Местоположение - отдел Цена в лева Систематично азбучна сигнатура Баркод Цена в евро Служебен тип на артикула Инвентарен номер
  Не е изгубен Universal Decimal Classification Не е повреден без рестрикции заемане за дома 923379 Регионална библиотека "Любен Каравелов" Русе Регионална библиотека "Любен Каравелов" Русе Детски отдел 2023-02-17 Детски отдел 13.42 62/С 87 120000882817 6.86 Книги  
  Не е изгубен Universal Decimal Classification Не е повреден без рестрикции заемане за дома 923380 Регионална библиотека "Любен Каравелов" Русе Регионална библиотека "Любен Каравелов" Русе Детски отдел 2023-02-17 Детски отдел 13.42 62/С 87 120000882815 6.86 Книги  
  Не е изгубен Universal Decimal Classification Не е повреден без рестрикции заемане за дома 923381 Регионална библиотека "Любен Каравелов" Русе Регионална библиотека "Любен Каравелов" Русе Детски отдел 2023-02-17 Детски отдел 13.42 62/С 87 120000882816 6.86 Книги  
  Не е изгубен Universal Decimal Classification Не е повреден   заемане за дома 933128 Регионална библиотека "Любен Каравелов" Русе Регионална библиотека "Любен Каравелов" Русе Детски отдел 2023-08-21 Детски отдел 17.90 62/С 87 120000892345 9.15 Книги 120000892345
Vip Innovations Ltd, Rousse, Bulgaria 2025